000 00635nam a2200241Ia 4500
003 OSt
005 20220918202852.0
006 a|||||r|||| 00| 0
007 ta
008 220917b |||||||| |||| 00| 0 eng d
024 _a104,452
037 _cTextual
040 _aARTS
_cARTS
_beng
041 _2eng
_aeng
082 _aY:45111:5, L7
100 _aHatton C L
_9105645
245 0 _aSuicide
_b Assesment and intervention
260 _aN York
_bAppleton Century
_c1977
300 _axvii, 220p.
_ccm.
650 _aSOCIOLOGY
942 _hY:45111:5, L7
_cTEXL
_2CC
999 _c227820
_d227820